000 00818cam a22002891 4500
999 _c9896
_d9896
001 9896
003 BD-JhCC
005 20180403102059.0
008 770126s1962 enk b 000 0 eng
035 _a(BD-JhCC)9896
040 _aDLC
_cIEN
_dDLC
041 _aeng
050 0 0 _aJX1977
_b.N45 1962
082 _a341.13
_bNIC 1962
100 1 _aNicholas, H. G.
_q(Herbert George),
_d1911-
245 1 4 _aThe United Nations as a political institution.
250 _a2d ed.
260 _aLondon,
_bOxford University Press,
_c1962.
300 _a232 p.
_c20 cm.
490 0 _aOxford paperbacks, 57
500 _a"Chapter of the United Nations": p. [196]-226.
504 _aBibliography: p. [192]-195.
610 2 0 _aUnited Nations.
710 2 _aUnited Nations.
_tCharter.
942 _2ddc
_cBK